000 00759nam a2200205Ia 4500
001 L262-20216
003 IT-CnALBA
008 170116s9999||||xx |||||||||||||| ||und||
040 _aIT-CnALBA
_cIT-CnALBA
041 _aLATINO - ITALIANO
100 _aGALLETTI EUGENIO, VESCOVO DI ALBA.
245 0 _aDIOCESI DI ALBA. ANNUNCIO DEL GIUBILEO ACCORDATO DA PIO IX IN OCCASIONE DEL CONC. VAT. I LETTERE APOSTOLICHE. 18
250 _a1a ed.
260 _aALBA (CN)
_bSANSOLDI TIP. LIBR. DIOCESANA
_c1869 [1° Ed.:1869 - Ed.Ling.Originale: 1869]
300 _a32 p.
501 _aSocietà San Paolo EM - Piazza San Paolo, 14 - 12051 ALBA (CN) (non commercial uses only) ® Copyright 2017
650 _aECCLESIOLOGIA
942 _cBK
957 _71
999 _a24955
_bSI
_g Copie: 1
_c279336
_d279336